| 000 | 00946nam a22002417a 4500 | ||
|---|---|---|---|
| 999 |
_c971 _d971 |
||
| 003 | AR-CdUCM | ||
| 008 | 190226b ||||| |||| 00| 0 spa d | ||
| 040 |
_aMUNICIPALIDAD PROVINCIAL DEL CUSCO _cBIBLIOTECA MUNICIPAL DEL CUSCO |
||
| 041 | _hita | ||
| 082 |
_a200 / _bA59 |
||
| 100 |
_aCard. Antoniutti, Hildebrando _93785 |
||
| 245 |
_aLa Vida Religiosa en el Posconcilio : _bDiscursos y Directrices / |
||
| 260 |
_aEspaña: _bCoculsa, _c1968. |
||
| 300 |
_a303 paginas ; _c20 cm. |
||
| 505 | _aLa renovación de la vida religiosa -- El capitulo especial de los religiosos -- El ejercicio de la autoridad -- La religiosa, hija de la iglesia -- Los institutos religiosos, expresión de la iglesia universal... | ||
| 650 |
_aLa iglesia _93786 |
||
| 650 |
_aConcilio _93787 |
||
| 650 |
_aHabito religioso _93788 |
||
| 650 |
_aProfesión de fe _93789 |
||
| 650 |
_aApostolado misionero _93790 |
||
| 942 |
_2ddc _cLIBROS |
||
| 945 |
_awnts _d2019-02-26 |
||